00473 2200181 4500001002100000005001500021008004100036020001800077035001900095041000700114082000800121090001400129100001100143245005200154260004700206300002200253650001600275INLIS00000000001349320241224114551241224||||||||| | ||| |||| || |  a979-678-889-6 0010-1224013493 aid0 a300 a300 DAM p0 aDamami00aILMU PENGETAHUAN SOSIAL untuk SD dan MI kelas 2 aBandungbPT. Sarana Panca Karya Nusac2007 av+74hlm;17,5x25cm 0aIlmu Sosial